000 00517nam a2200181Ia 4500
003 GCL
008 140319s9999 xx 000 0 ara d
040 _aGCL /
_cGCL
082 0 4 _a335.4
_bط ا
100 1 _aطارق حجى
245 1 0 _aافكار ماركسية فى الميزان /
_cطارق حجى
260 _a[S.N] :
_bدار نهضة مصر للطبع والنشر ،
_c1989
300 _a168 ص
490 _a
650 0 4 _aمذاهب سياسية
650 0 4 _aالماركسية
942 _2ddc
_cBK
999 _c57331
_d57331